American Generals Picture - Statistics

General Stats
  • This quiz has been taken 29 times
  • The average score is 8 of 12
Answer Stats
Picture Hint Answer % Correct
World War II; Korean War Douglas MacArthur
97%
World War II Dwight D. Eisenhower
93%
World War II George S. Patton
83%
Revolutionary War George Washington
83%
Civil War Ulysses S. Grant
76%
Indian Wars William Armstrong Custer
72%
World War I John J. Pershing
66%
Civil War William Tecumseh Sherman
59%
Civil War George B. McClellan
52%
Revolutionary War Marquis de Lafayette
48%
Mexican-American War; Civil War Winfield Scott
41%
Korean War Matthew Ridgway
10%
No matching quizzes found
Score Distribution
Percent of People with Each Score
Percentile by Number Answered
Your Score History
You have not taken this quiz